00295nam a2200121Ia 4500008004100000041000800041082001200049100001000061245003400071260003800105300002400143440000600167240624s9999 xx 000 0 und d aeng a657 ICF aICFAI aFINANCIAL ACCOUNTING WORKBOOK c2004aHyderabadbICFAI University a424 : p. : cm. ; 27 v1